Assessment of knowledge, perception and infrastructure as determinants of waste management practices among selected communities in Mosterrado County, Liberia / (Record no. 25306)

MARC details
000 -LEADER
fixed length control field 00653nam a22001697a 4500
003 - CONTROL NUMBER IDENTIFIER
control field AUA.1
005 - DATE AND TIME OF LATEST TRANSACTION
control field 20260208103822.0
008 - FIXED-LENGTH DATA ELEMENTS--GENERAL INFORMATION
fixed length control field 260208b |||||||| |||| 00| 0 eng d
040 ## - CATALOGING SOURCE
Transcribing agency JTL
100 ## - MAIN ENTRY--PERSONAL NAME
Personal name Zayzay, Amelia Joe
245 ## - TITLE STATEMENT
Title Assessment of knowledge, perception and infrastructure as determinants of waste management practices among selected communities in Mosterrado County, Liberia /
Statement of responsibility, etc Amelia Joe Zayzay.
260 ## - PUBLICATION, DISTRIBUTION, ETC. (IMPRINT)
Date of publication, distribution, etc c2025.
300 ## - PHYSICAL DESCRIPTION
Extent ix, 111 leaves :
Other physical details illustrations;
Dimensions 30 cm.
650 ## - SUBJECT ADDED ENTRY--TOPICAL TERM
Topical term or geographic name as entry element Refuse and refuse disposal Salvage (Waste, etc.)
651 ## - SUBJECT ADDED ENTRY--GEOGRAPHIC NAME
Geographic name Monsterrado County, Liberia
942 ## - ADDED ENTRY ELEMENTS (KOHA)
Source of classification or shelving scheme AUA Inhouse Classification
Koha item type Thesis
Classification part MPH
Item part .Z39 2025
Holdings
Withdrawn status Lost status Source of classification or shelving scheme Damaged status Not for loan Collection code Home library Current library Shelving location Date acquired Source of acquisition Cost, normal purchase price Serial Enumeration / chronology Total Checkouts Full call number Barcode Date last seen Cost, replacement price Price effective from Koha item type
    AUA Inhouse Classification     JTL Research Collection Judith Thomas Library Judith Thomas Library Judith Thomas Library Research Section 08/02/2026 School of Postgraduate Studies 25.00 AUA28058   MPH .Z39 2025 AUA28058 08/02/2026 25.00 08/02/2026 Thesis